[Event "17. Obert Int. Sant Marti 2015 - B"]
[Site "Barcelona ESP"]
[Date "2015.07.17"]
[Round "5.46"]
[White "Martinez Navarro, Miquel"]
[Black "Tortosa Moros, Joan"]
[Result "0-1"]
[WhiteElo "1781"]
[BlackElo "1911"]
[PlyCount "84"]
[EventDate "2015.07.13"]
[EventType "swiss"]
[EventRounds "9"]
[EventCountry "ESP"]
[SourceTitle "Ajedrez en Madrid"]
[Source "lmi"]
[SourceDate "2015.07.13"]
[SourceVersion "1"]
[SourceVersionDate "2019.06.21"]
[SourceQuality "1"]

1. d4 Nf6 2. c4 e6 3. a3 c5 4. Nf3 b6 5. Nc3 Bb7 6. e3 cxd4 7. exd4 Be7 8. Be2
O-O 9. O-O d5 10. b3 Nbd7 11. Bb2 dxc4 12. Bxc4 Ne4 13. Re1 Nxc3 14. Bxc3 Rc8
15. Bb2 Nf6 16. Rc1 a6 17. Be2 b5 18. h3 Qd5 19. Qd3 Nh5 20. g3 f5 21. Qe3 f4
22. Qe5 fxg3 23. fxg3 Qxe5 24. Nxe5 Nxg3 25. Bg4 Bd5 26. Kh2 Nf5 27. b4 Bd6 28.
Rxc8 Rxc8 29. Re2 Bc4 30. Rf2 Ne3 31. Bc1 Nxg4+ 32. hxg4 Bd5 33. Bb2 Be4 34.
Kg3 Bg6 35. Kh3 Bxe5 36. dxe5 Rc4 37. Kg3 h5 38. Rf4 h4+ 39. Kf3 Rc2 40. Bd4
Ra2 41. g5 Rxa3+ 42. Kg4 h3 0-1

[Event "17. Obert Int. Sant Marti 2015 - B"]
[Site "Barcelona ESP"]
[Date "2015.07.17"]
[Round "5.47"]
[White "Alquezar Calpena, Marc"]
[Black "Jimenez Rimblas, Raul"]
[Result "1-0"]
[WhiteElo "1907"]
[BlackElo "1708"]
[PlyCount "65"]
[EventDate "2015.07.13"]
[EventType "swiss"]
[EventRounds "9"]
[EventCountry "ESP"]
[SourceTitle "Ajedrez en Madrid"]
[Source "lmi"]
[SourceDate "2015.07.13"]
[SourceVersion "1"]
[SourceVersionDate "2019.06.21"]
[SourceQuality "1"]

1. e4 g6 2. d4 Bg7 3. Nf3 d6 4. Be3 Bg4 5. Be2 Bxf3 6. Bxf3 e5 7. O-O Nd7 8. c3
Ngf6 9. Qd2 O-O 10. Bh6 c6 11. a4 d5 12. Bxg7 Kxg7 13. Re1 Re8 14. exd5 cxd5
15. Na3 e4 16. Bd1 a6 17. Re3 Rc8 18. Rh3 e3 19. fxe3 Ne4 20. Qe1 Ndf6 21. Qh4
Qd6 22. Bf3 Qb6 23. Bxe4 Rxe4 24. Qh6+ Kg8 25. Rf1 Rce8 26. Nc2 Nh5 27. Rxh5
gxh5 28. Qxb6 Rg4 29. Qxb7 h4 30. Qxf7+ Kh8 31. Qxe8+ Rg8 32. Qe5+ Rg7 33. Rf8#
1-0

[Event "17. Obert Int. Sant Marti 2015 - B"]
[Site "Barcelona ESP"]
[Date "2015.07.17"]
[Round "5.48"]
[White "De La Fuente Gil, Roberto"]
[Black "Llopis Jordan, Lluis"]
[Result "1/2-1/2"]
[WhiteElo "1842"]
[BlackElo "1936"]
[PlyCount "74"]
[EventDate "2015.07.13"]
[EventType "swiss"]
[EventRounds "9"]
[EventCountry "ESP"]
[SourceTitle "Ajedrez en Madrid"]
[Source "lmi"]
[SourceDate "2015.07.13"]
[SourceVersion "1"]
[SourceVersionDate "2019.06.21"]
[SourceQuality "1"]

1. d4 Nf6 2. Nf3 g6 3. Bf4 d6 4. e3 Bg7 5. Be2 O-O 6. O-O Nbd7 7. h3 c5 8. c3
b6 9. Nbd2 Bb7 10. Re1 Re8 11. Qb3 Rc8 12. Bc4 d5 13. Bb5 a6 14. Bxd7 Nxd7 15.
Rac1 c4 16. Qc2 e5 17. Bg3 e4 18. Nh2 f5 19. f3 Nf6 20. Be5 Nh5 21. Bxg7 Nxg7
22. f4 b5 23. b3 Bc6 24. b4 Qh4 25. Nb1 Kh8 26. Rf1 Ne6 27. Qf2 Qh6 28. Qg3 Rg8
29. h4 Rg7 30. Rc2 Rcg8 31. Qh3 Bd7 32. g4 Rf7 33. Rg2 Qf8 34. g5 Ng7 35. Rff2
Bc6 36. Nf1 Ra7 37. Ng3 Be8 1/2-1/2

[Event "17. Obert Int. Sant Marti 2015 - B"]
[Site "Barcelona ESP"]
[Date "2015.07.17"]
[Round "5.49"]
[White "Jimenez Dominguez, Albert"]
[Black "Ylla Soro, Rafael"]
[Result "1-0"]
[WhiteElo "1927"]
[BlackElo "1811"]
[PlyCount "119"]
[EventDate "2015.07.13"]
[EventType "swiss"]
[EventRounds "9"]
[EventCountry "ESP"]
[SourceTitle "Ajedrez en Madrid"]
[Source "lmi"]
[SourceDate "2015.07.13"]
[SourceVersion "1"]
[SourceVersionDate "2019.06.21"]
[SourceQuality "1"]

1. c4 f5 2. Nc3 Nf6 3. g3 e6 4. Bg2 Be7 5. e3 O-O 6. Nge2 Na6 7. O-O c6 8. d4
d5 9. c5 Nc7 10. b4 Ne4 11. f3 Nxc3 12. Nxc3 Bd7 13. Bb2 Qe8 14. Re1 Qh5 15.
Qe2 Rf6 16. a4 Rh6 17. Kf2 g5 18. Rh1 f4 19. e4 dxe4 20. Nxe4 Nd5 21. Nd2 Ne3
22. Nc4 Nxg2 23. Kxg2 Qh3+ 24. Kf2 Qxh2+ 25. Rxh2 Rxh2+ 26. Kf1 Rxe2 27. Kxe2
fxg3 28. Rg1 h6 29. Rxg3 Rf8 30. Bc1 Bc8 31. f4 Kh7 32. fxg5 Rg8 33. Rf3 Bxg5
34. Bxg5 hxg5 35. Nd6 Kg6 36. Rf7 g4 37. Rc7 Rf8 38. Rxc8 Rf4 39. Rg8+ Kh7 40.
Rg5 Rxd4 41. Nxb7 Rxb4 42. Nd8 Rxa4 43. Nxc6 Kh6 44. Re5 a5 45. Rxe6+ Kg5 46.
Re8 Ra2+ 47. Kf1 a4 48. Nb4 Ra1+ 49. Re1 Ra3 50. c6 Rc3 51. Ra1 a3 52. Ra2 Kf5
53. Kg2 Ke6 54. Re2+ Kd6 55. Rd2+ Kc7 56. Rd7+ Kc8 57. Ra7 Rc4 58. Nd5 Rc2+ 59.
Kg3 a2 60. Ra8# 1-0

[Event "17. Obert Int. Sant Marti 2015 - B"]
[Site "Barcelona ESP"]
[Date "2015.07.17"]
[Round "5.50"]
[White "Castilla Casanova, Víctor"]
[Black "Pascual Duran, Pau"]
[Result "0-1"]
[WhiteElo "1713"]
[BlackElo "1897"]
[PlyCount "114"]
[EventDate "2015.07.13"]
[EventType "swiss"]
[EventRounds "9"]
[EventCountry "ESP"]
[SourceTitle "Ajedrez en Madrid"]
[Source "lmi"]
[SourceDate "2015.07.13"]
[SourceVersion "1"]
[SourceVersionDate "2019.06.21"]
[SourceQuality "1"]

1. e4 d6 2. d4 Nf6 3. Nc3 g6 4. Nf3 Bg7 5. Bc4 O-O 6. O-O Nc6 7. Bf4 Nh5 8. Be3
e5 9. dxe5 Nxe5 10. Nxe5 Bxe5 11. Bd4 Qg5 12. Re1 Bh3 13. g3 Bxg3 14. Bf1 Bf4+
15. Kh1 Bxf1 16. Rxf1 Qh4 17. Kg2 Qxh2+ 18. Kf3 Qh3+ 19. Ke2 f5 20. Rh1 Qg2 21.
Qg1 Qg5 22. Qxg5 Bxg5 23. Rag1 Bf4 24. Rxh5 fxe4 25. Rh3 c6 26. Nxe4 Rae8 27.
Kd3 Be5 28. Rgh1 Bxd4 29. Kxd4 d5 30. Nc5 b6 31. Nd3 Re4+ 32. Kc3 Rf7 33. Kd2
c5 34. f3 Re8 35. Re1 Ref8 36. Ke2 Rf5 37. Kf2 c4 38. Ne5 Re8 39. Ng4 Rxe1 40.
Kxe1 Kg7 41. Kf2 d4 42. Rh1 h5 43. Nh2 Kf6 44. Re1 Re5 45. Rxe5 Kxe5 46. Nf1
Kf4 47. Nd2 b5 48. Ne4 g5 49. Nf6 h4 50. Nh5+ Kf5 51. Ng7+ Kf4 52. Nh5+ Kf5 53.
Ng7+ Kg6 54. Ne6 d3 55. cxd3 cxd3 56. Ke3 d2 57. Kxd2 h3 0-1

[Event "17. Obert Int. Sant Marti 2015 - B"]
[Site "Barcelona ESP"]
[Date "2015.07.17"]
[Round "5.51"]
[White "Cano Vila, Eduard"]
[Black "Pascual Gonzalez-Novelles, David"]
[Result "0-1"]
[WhiteElo "1804"]
[BlackElo "1869"]
[PlyCount "76"]
[EventDate "2015.07.13"]
[EventType "swiss"]
[EventRounds "9"]
[EventCountry "ESP"]
[SourceTitle "Ajedrez en Madrid"]
[Source "lmi"]
[SourceDate "2015.07.13"]
[SourceVersion "1"]
[SourceVersionDate "2019.06.21"]
[SourceQuality "1"]

1. e4 e5 2. Nf3 d6 3. Bc4 Be7 4. O-O Nf6 5. Nc3 O-O 6. d3 Nc6 7. h3 Na5 8. Bb3
Nxb3 9. axb3 h6 10. Be3 a6 11. Qd2 Be6 12. d4 exd4 13. Nxd4 d5 14. exd5 Nxd5
15. Nxd5 Qxd5 16. c4 Qe4 17. Rfe1 Qg6 18. Nxe6 fxe6 19. Qe2 Rf5 20. Bd4 e5 21.
Bxe5 Bb4 22. Bc3 Bxc3 23. bxc3 Raf8 24. Rf1 Qc6 25. Rae1 R5f6 26. Qe4 Qb6 27.
Qc2 Rg6 28. c5 Qc6 29. Qe4 Rd8 30. Qxc6 Rxc6 31. Re5 Rd3 32. Rc1 Kf7 33. b4 Re6
34. Rh5 g5 35. h4 Kg6 36. g4 Re4 37. f3 Rxf3 38. Kg2 Rd3 0-1

[Event "17. Obert Int. Sant Marti 2015 - B"]
[Site "Barcelona ESP"]
[Date "2015.07.17"]
[Round "5.52"]
[White "Martin Sanchez, Antoni"]
[Black "Bes Alvarez, Alex"]
[Result "1/2-1/2"]
[WhiteElo "1903"]
[BlackElo "1743"]
[PlyCount "82"]
[EventDate "2015.07.13"]
[EventType "swiss"]
[EventRounds "9"]
[EventCountry "ESP"]
[SourceTitle "Ajedrez en Madrid"]
[Source "lmi"]
[SourceDate "2015.07.13"]
[SourceVersion "1"]
[SourceVersionDate "2019.06.21"]
[SourceQuality "1"]

1. d4 Nf6 2. Nf3 e6 3. Nbd2 c5 4. e3 d5 5. c3 Be7 6. Bd3 Nc6 7. O-O O-O 8. Re1
cxd4 9. exd4 Bd7 10. Nf1 a6 11. Ng3 b5 12. a3 Na5 13. Ne5 Rc8 14. f4 Nc4 15.
Qe2 Nxe5 16. fxe5 Ne8 17. Rf1 f6 18. exf6 Bxf6 19. Bf4 Qb6 20. Rf3 e5 21. Bxe5
Bg4 22. Qe3 Bxf3 23. gxf3 Bxe5 24. Qxe5 Rxf3 25. Bxh7+ Kh8 26. Qh5 Rxg3+ 27.
hxg3 Nf6 28. Qh3 Rf8 29. Bf5+ Kg8 30. Be6+ Rf7 31. Rf1 Kf8 32. Bxf7 Kxf7 33.
Qf5 Kg8 34. Kg2 Qc6 35. g4 Qc4 36. Rf2 Ne4 37. Qe6+ Kh7 38. Qf5+ Kg8 39. g5 Qd3
40. Qf3 Nxf2 41. Qxf2 Qe4+ 1/2-1/2

[Event "17. Obert Int. Sant Marti 2015 - B"]
[Site "Barcelona ESP"]
[Date "2015.07.17"]
[Round "5.53"]
[White "Gomez Guinovart, Josep Manel"]
[Black "Molina Tabernero, Jordi"]
[Result "1-0"]
[WhiteElo "1861"]
[BlackElo "1729"]
[PlyCount "68"]
[EventDate "2015.07.13"]
[EventType "swiss"]
[EventRounds "9"]
[EventCountry "ESP"]
[SourceTitle "Ajedrez en Madrid"]
[Source "lmi"]
[SourceDate "2015.07.13"]
[SourceVersion "1"]
[SourceVersionDate "2019.06.21"]
[SourceQuality "1"]

1. d4 Nf6 2. Nf3 e6 3. Bf4 Bb4+ 4. c3 Ba5 5. e3 O-O 6. Bd3 d6 7. Qc2 h6 8. h3
g5 9. Bh2 Nbd7 10. Nbd2 Qe7 11. O-O-O c5 12. dxc5 Nxc5 13. Be2 Bd7 14. Nc4 Nfe4
15. Nxa5 e5 16. Bg1 Rab8 17. Nd2 Bf5 18. Nxe4 Bxe4 19. Qd2 Qc7 20. Nc4 d5 21.
Na3 a6 22. f3 Bf5 23. h4 Be6 24. hxg5 d4 25. Kb1 Rfd8 26. exd4 Bf5+ 27. Ka1 Ne6
28. Bh2 Nxd4 29. cxd4 Rxd4 30. Qxd4 Re8 31. Qd6 Qxd6 32. Rxd6 hxg5 33. Bd3 Bxd3
34. Rxd3 f6 1-0

[Event "17. Obert Int. Sant Marti 2015 - B"]
[Site "Barcelona ESP"]
[Date "2015.07.17"]
[Round "5.54"]
[White "Gracia Vila, Frederic"]
[Black "Fungueiriño Pique, Daniel"]
[Result "0-1"]
[WhiteElo "1727"]
[BlackElo "1859"]
[PlyCount "122"]
[EventDate "2015.07.13"]
[EventType "swiss"]
[EventRounds "9"]
[EventCountry "ESP"]
[SourceTitle "Ajedrez en Madrid"]
[Source "lmi"]
[SourceDate "2015.07.13"]
[SourceVersion "1"]
[SourceVersionDate "2019.06.21"]
[SourceQuality "1"]

1. d4 d5 2. c4 c6 3. Nc3 Nf6 4. Bf4 e6 5. e3 Be7 6. Nf3 Nbd7 7. Bd3 dxc4 8.
Bxc4 Nb6 9. Bd3 Nbd5 10. Be5 Bd6 11. Nxd5 exd5 12. Qc2 Qa5+ 13. Nd2 Bxe5 14.
dxe5 Ng4 15. Bxh7 Nxe5 16. Bf5 Be6 17. Bxe6 fxe6 18. O-O Qc7 19. h3 O-O-O 20.
Qa4 Kb8 21. Rac1 Rh6 22. f4 Nd7 23. Nf3 Qb6 24. Qa3 Rf6 25. Rc3 a6 26. Rb3 Qa7
27. Rc1 Nb6 28. Qe7 Rd7 29. Qe8+ Kc7 30. Ne5 Rf5 31. Nxd7 Nxd7 32. Kh2 Kd6 33.
Qg6 b5 34. Rbc3 c5 35. Qxg7 b4 36. Rd3 Kc6 37. g4 Rf8 38. Qh6 Rf6 39. Qh4 Qb8
40. Qg3 Qh8 41. g5 Rg6 42. Rcd1 Qxb2+ 43. R3d2 Qh8 44. Qf3 Qg8 45. h4 Qf7 46.
h5 Rg8 47. Kg3 Qf5 48. h6 Nf6 49. Rh2 Nh7 50. Qe2 c4 51. e4 Qf7 52. exd5+ exd5
53. Qe5 Re8 54. Qg7 Qf5 55. Qd4 Re4 56. Qf2 Nxg5 57. Rh5 Rxf4 58. Qxf4 Ne4+ 59.
Kf3 Qxh5+ 60. Ke3 Qxd1 61. h7 Qd3# 0-1

[Event "17. Obert Int. Sant Marti 2015 - B"]
[Site "Barcelona ESP"]
[Date "2015.07.17"]
[Round "5.55"]
[White "Izquierdo Pujol, Pol"]
[Black "Guinjoan Fradera, Joan"]
[Result "1-0"]
[WhiteElo "1832"]
[BlackElo "1726"]
[PlyCount "75"]
[EventDate "2015.07.13"]
[EventType "swiss"]
[EventRounds "9"]
[EventCountry "ESP"]
[SourceTitle "Ajedrez en Madrid"]
[Source "lmi"]
[SourceDate "2015.07.13"]
[SourceVersion "1"]
[SourceVersionDate "2019.06.21"]
[SourceQuality "1"]

1. e4 c5 2. Nc3 e6 3. f4 h6 4. Nf3 Nf6 5. Bc4 d5 6. Bb5+ Bd7 7. e5 Nh7 8. Qe2
a6 9. Bxd7+ Nxd7 10. d3 Be7 11. Bd2 O-O 12. O-O-O b5 13. Rdf1 Qa5 14. Kb1 b4
15. Nd1 Qb6 16. g4 f6 17. Nh4 fxe5 18. Ng6 Rf7 19. fxe5 Bg5 20. h4 Bxd2 21.
Rxf7 Kxf7 22. Rf1+ Kg8 23. Qxd2 Nhf8 24. Ne7+ Kh7 25. Qf4 Ng6 26. Nxg6 Kxg6 27.
Qf7+ Kh7 28. Qxd7 Ra7 29. Qd6 Qxd6 30. exd6 Rd7 31. Ne3 Rxd6 32. Rf7 Kg6 33.
Rc7 c4 34. dxc4 dxc4 35. Rxc4 Rd2 36. Kc1 Rh2 37. h5+ Kf6 38. Rxb4 1-0

[Event "17. Obert Int. Sant Marti 2015 - B"]
[Site "Barcelona ESP"]
[Date "2015.07.17"]
[Round "5.56"]
[White "Serentill Tost, Eduard"]
[Black "Bienvenido Kleque, Jose"]
[Result "1-0"]
[WhiteElo "1808"]
[BlackElo "1717"]
[PlyCount "55"]
[EventDate "2015.07.13"]
[EventType "swiss"]
[EventRounds "9"]
[EventCountry "ESP"]
[SourceTitle "Ajedrez en Madrid"]
[Source "lmi"]
[SourceDate "2015.07.13"]
[SourceVersion "1"]
[SourceVersionDate "2019.06.21"]
[SourceQuality "1"]

1. e4 e5 2. Nf3 Nc6 3. Bb5 a6 4. Ba4 Nf6 5. O-O Nxe4 6. d4 b5 7. Bb3 d5 8. dxe5
Be6 9. c3 Bc5 10. Nbd2 Nxd2 11. Qxd2 O-O 12. Rd1 Ne7 13. a4 c6 14. axb5 axb5
15. Rxa8 Qxa8 16. Bc2 Ng6 17. b4 Be7 18. Qd3 Qc8 19. h4 Bg4 20. Re1 Bxf3 21.
Qxf3 Bxh4 22. g3 Be7 23. Kg2 Qd8 24. Rh1 Bg5 25. Qh5 Bh6 26. Bxh6 Nxe5 27. Bxg7
Kxg7 28. Qh6+ 1-0

[Event "17. Obert Int. Sant Marti 2015 - B"]
[Site "Barcelona ESP"]
[Date "2015.07.17"]
[Round "5.57"]
[White "Valero Recalde, Pablo"]
[Black "Ortega Farrus, Alfonso"]
[Result "1-0"]
[WhiteElo "1800"]
[BlackElo "1704"]
[PlyCount "109"]
[EventDate "2015.07.13"]
[EventType "swiss"]
[EventRounds "9"]
[EventCountry "ESP"]
[SourceTitle "Ajedrez en Madrid"]
[Source "lmi"]
[SourceDate "2015.07.13"]
[SourceVersion "1"]
[SourceVersionDate "2019.06.21"]
[SourceQuality "1"]

1. Nf3 d5 2. d4 c6 3. c4 Nf6 4. Nc3 e6 5. Bf4 dxc4 6. e3 Be7 7. Bxc4 O-O 8. h3
Nbd7 9. O-O Nb6 10. Be2 Nbd5 11. Nxd5 exd5 12. a3 Ne4 13. Nd2 Bf5 14. Nxe4 Bxe4
15. b4 Bd6 16. Bxd6 Qxd6 17. Bd3 Qe6 18. Bxe4 Qxe4 19. Rc1 a6 20. Rc5 Rfe8 21.
Qc2 Qxc2 22. Rxc2 Re7 23. Rc5 f5 24. g3 Rae8 25. Kh2 Rf7 26. a4 g5 27. b5 axb5
28. axb5 Rf6 29. Rfc1 Ree6 30. Ra1 Rf7 31. Ra8+ Rf8 32. Rxf8+ Kxf8 33. bxc6
bxc6 34. Kg2 Kf7 35. Kf3 Rf6 36. Ke2 Ke7 37. Kd3 Kd7 38. Rc2 Rh6 39. g4 fxg4
40. hxg4 Rf6 41. Kc3 Rf8 42. Kb4 Rb8+ 43. Kc3 Rc8 44. Rc1 Rf8 45. Rh1 Rf7 46.
Rh5 Rg7 47. Kb4 Rg6 48. Rxh7+ Kd6 49. Rf7 Ke6 50. Rf5 Kd6 51. Rf3 Re6 52. Rf8
Rg6 53. Ka5 Kd7 54. Kb6 c5+ 55. Kxc5 1-0

[Event "17. Obert Int. Sant Marti 2015 - B"]
[Site "Barcelona ESP"]
[Date "2015.07.17"]
[Round "5.58"]
[White "Ferrer Ache, Jesus"]
[Black "Vidal Moll, Francesc"]
[Result "1-0"]
[WhiteElo "1723"]
[BlackElo "1791"]
[PlyCount "117"]
[EventDate "2015.07.13"]
[EventType "swiss"]
[EventRounds "9"]
[EventCountry "ESP"]
[SourceTitle "Ajedrez en Madrid"]
[Source "lmi"]
[SourceDate "2015.07.13"]
[SourceVersion "1"]
[SourceVersionDate "2019.06.21"]
[SourceQuality "1"]

1. c4 e6 2. e4 d5 3. e5 Ne7 4. d4 Nd7 5. c5 Nc6 6. Nf3 f6 7. Bb5 Be7 8. Bxc6
bxc6 9. Qe2 a5 10. Bd2 O-O 11. Bf4 Rf7 12. h3 Nf8 13. Qd2 Ng6 14. Bg3 a4 15.
O-O Ba6 16. Re1 Bc4 17. Nc3 f5 18. Ne2 Rb8 19. Kh1 Rb7 20. Reb1 Bb5 21. b4 Ra7
22. a3 Ra8 23. Neg1 Nh4 24. Nxh4 Bxh4 25. Kh2 Bxg3+ 26. fxg3 g5 27. Rc1 Qe7 28.
Rc3 Raf8 29. Nf3 g4 30. Nh4 gxh3 31. gxh3 f4 32. Rg1 Kh8 33. Nf3 Rf5 34. g4
R5f7 35. Qf2 Rg7 36. Rg2 Qf7 37. Rc1 Qg6 38. Rc3 Bd3 39. Rg1 Bb5 40. Nh4 Qf7
41. Nf3 Qg6 42. h4 Qe8 43. Kh3 h5 44. g5 Qf7 45. Kh2 Qf5 46. Qg2 Qe4 47. Qf2
Qf5 48. g6 Rxg6 49. Rxg6 Qxg6 50. Ng5 Qf5 51. Rf3 Qg4 52. Nh3 Rg8 53. Rxf4 Qd1
54. Ng5 Bd3 55. Rf6 Be4 56. Rh6+ Kg7 57. Qf7+ Kxh6 58. Qf6+ Rg6 59. Qh8# 1-0

[Event "17. Obert Int. Sant Marti 2015 - B"]
[Site "Barcelona ESP"]
[Date "2015.07.17"]
[Round "5.59"]
[White "Palomero Galvez, Antoni"]
[Black "Siegel, Rainer"]
[Result "1-0"]
[WhiteElo "1762"]
[BlackElo "1647"]
[PlyCount "111"]
[EventDate "2015.07.13"]
[EventType "swiss"]
[EventRounds "9"]
[EventCountry "ESP"]
[SourceTitle "Ajedrez en Madrid"]
[Source "lmi"]
[SourceDate "2015.07.13"]
[SourceVersion "1"]
[SourceVersionDate "2019.06.21"]
[SourceQuality "1"]

1. d4 Nc6 2. Nf3 e6 3. e4 b6 4. a3 Bb7 5. Bd3 g6 6. O-O Bg7 7. Be3 Nf6 8. Nc3
O-O 9. h3 Ne7 10. Qd2 d5 11. e5 Ne4 12. Bxe4 dxe4 13. Ng5 Nf5 14. Ngxe4 Nxe3
15. fxe3 Ba6 16. Nf6+ Kh8 17. Rf2 Qe7 18. Nce4 Rfd8 19. Rf4 Bh6 20. Rh4 Kg7 21.
Qf2 Rh8 22. g4 g5 23. Rh5 Bb7 24. Nxg5 Bxg5 25. Rxg5+ Kf8 26. Rf1 Ba6 27. Rc1
c5 28. Qh4 Qb7 29. Nxh7+ Rxh7 30. Qxh7 Qf3 31. Qh8+ Ke7 32. Qf6+ Qxf6 33. exf6+
Kxf6 34. Rh5 Kg6 35. dxc5 f5 36. c4 bxc5 37. e4 f4 38. Rxc5 Rd8 39. Re5 Kf6 40.
Ra5 Bb7 41. e5+ Kg5 42. Rxa7 Be4 43. Re1 Rd4 44. c5 f3 45. b3 Kf4 46. Ra4 Kxe5
47. Rxe4+ Rxe4 48. Rxe4+ Kxe4 49. c6 Ke3 50. Kf1 e5 51. c7 e4 52. c8=Q Kf4 53.
Qf5+ Ke3 54. h4 Kd3 55. h5 Kd4 56. Qf6+ 1-0

[Event "17. Obert Int. Sant Marti 2015 - B"]
[Site "Barcelona ESP"]
[Date "2015.07.17"]
[Round "5.60"]
[White "Olleta Tanya, Jordi"]
[Black "Buisan Arnau, Oriol"]
[Result "1/2-1/2"]
[WhiteElo "1720"]
[BlackElo "1756"]
[PlyCount "140"]
[EventDate "2015.07.13"]
[EventType "swiss"]
[EventRounds "9"]
[EventCountry "ESP"]
[SourceTitle "Ajedrez en Madrid"]
[Source "lmi"]
[SourceDate "2015.07.13"]
[SourceVersion "1"]
[SourceVersionDate "2019.06.21"]
[SourceQuality "1"]

1. Nf3 Nf6 2. d4 e6 3. e3 d5 4. Bd3 c5 5. O-O c4 6. Be2 Bd6 7. Ne5 Nbd7 8. f4
Ne4 9. Nd2 Nxd2 10. Bxd2 Nf6 11. Bf3 O-O 12. Be1 Qc7 13. Bh4 Nd7 14. e4 dxe4
15. Bxe4 f5 16. Bf3 Nxe5 17. fxe5 Be7 18. Bxe7 Qxe7 19. c3 Rb8 20. b3 cxb3 21.
axb3 a6 22. c4 Rd8 23. d5 exd5 24. Bxd5+ Be6 25. Rxf5 Qc5+ 26. Kh1 Bxd5 27.
cxd5 Rxd5 28. Qf1 Rxe5 29. Rxe5 Qxe5 30. Qc4+ Kh8 31. Rf1 Re8 32. h3 h6 33. Qf7
Qe7 34. Qc4 Qe6 35. Qxe6 Rxe6 36. Ra1 Re3 37. Rb1 Kg8 38. Rb2 Kf7 39. Kg1 Kf6
40. b4 Ke6 41. Kf2 Re5 42. Kf3 Kd6 43. Kf4 Rb5 44. Rd2+ Rd5 45. Rb2 Kc6 46. Ke4
Rg5 47. g4 Kb5 48. Kd4 h5 49. gxh5 Rxh5 50. Rg2 Rxh3 51. Rxg7 b6 52. Rg1 Kxb4
53. Rg6 Ka5 54. Rg1 Rb3 55. Kc4 Rb4+ 56. Kc3 b5 57. Rg6 Rf4 58. Kb3 Rf3+ 59.
Kb2 b4 60. Kc2 b3+ 61. Kb2 Kb4 62. Rxa6 Rf2+ 63. Kb1 Kc3 64. Rc6+ Kd4 65. Rb6
Kc4 66. Rc6+ Kb5 67. Rc8 Kb4 68. Rc7 Rf1+ 69. Kb2 Rf2+ 70. Kb1 Rc2 1/2-1/2

[Event "17. Obert Int. Sant Marti 2015 - B"]
[Site "Barcelona ESP"]
[Date "2015.07.17"]
[Round "5.61"]
[White "Romano Cases, Jordi"]
[Black "Lopez Oliva, Victor"]
[Result "1-0"]
[WhiteElo "1700"]
[BlackElo "1753"]
[PlyCount "77"]
[EventDate "2015.07.13"]
[EventType "swiss"]
[EventRounds "9"]
[EventCountry "ESP"]
[SourceTitle "Ajedrez en Madrid"]
[Source "lmi"]
[SourceDate "2015.07.13"]
[SourceVersion "1"]
[SourceVersionDate "2019.06.21"]
[SourceQuality "1"]

1. e4 d5 2. exd5 Qxd5 3. Nc3 Qa5 4. d4 Nf6 5. Bd2 c6 6. Nf3 Bf5 7. Ne5 Qc7 8.
Bd3 e6 9. Bxf5 exf5 10. O-O Nbd7 11. Re1 O-O-O 12. Nxf7 Bd6 13. g3 h5 14. Nxd8
Qxd8 15. Bg5 Qc7 16. Bxf6 Nxf6 17. f4 h4 18. Ne2 hxg3 19. hxg3 c5 20. c3 cxd4
21. cxd4 Kd8 22. Rc1 Qb8 23. Qd2 g5 24. Qa5+ Bc7 25. Qxf5 Nh7 26. Kg2 gxf4 27.
gxf4 Rg8+ 28. Kf3 Rg7 29. Rh1 Qc8 30. Qd5+ Rd7 31. Qg8+ Ke7 32. Rxh7+ Kd6 33.
Qxc8 Rxh7 34. Qxb7 a5 35. d5 a4 36. Qc6+ Ke7 37. Qxc7+ Kf6 38. Qxh7 a3 39. Rc6#
1-0

[Event "17. Obert Int. Sant Marti 2015 - B"]
[Site "Barcelona ESP"]
[Date "2015.07.17"]
[Round "5.62"]
[White "Bernat Mor, Juli"]
[Black "Martin Valentin, Manuel"]
[Result "1-0"]
[WhiteElo "1687"]
[BlackElo "1750"]
[PlyCount "41"]
[EventDate "2015.07.13"]
[EventType "swiss"]
[EventRounds "9"]
[EventCountry "ESP"]
[SourceTitle "Ajedrez en Madrid"]
[Source "lmi"]
[SourceDate "2015.07.13"]
[SourceVersion "1"]
[SourceVersionDate "2019.06.21"]
[SourceQuality "1"]

1. e4 e5 2. Nf3 Nc6 3. d4 exd4 4. Nxd4 Nf6 5. Nc3 Bb4 6. Nxc6 bxc6 7. Bd3 d5 8.
exd5 Nxd5 9. Bd2 O-O 10. O-O Re8 11. Na4 Bd6 12. Bc4 Bd7 13. a3 a5 14. Nc3
Bxh2+ 15. Kxh2 Qh4+ 16. Kg1 Qxc4 17. Qh5 Nf6 18. Qh2 Rad8 19. Bg5 Re6 20. Bxf6
Rde8 21. Bg5 1-0

[Event "17. Obert Int. Sant Marti 2015 - B"]
[Site "Barcelona ESP"]
[Date "2015.07.17"]
[Round "5.63"]
[White "Cassi Gimeno, Jordi"]
[Black "Tordera Jumilla, Joaquim"]
[Result "1/2-1/2"]
[WhiteElo "1747"]
[BlackElo "1545"]
[PlyCount "139"]
[EventDate "2015.07.13"]
[EventType "swiss"]
[EventRounds "9"]
[EventCountry "ESP"]
[SourceTitle "Ajedrez en Madrid"]
[Source "lmi"]
[SourceDate "2015.07.13"]
[SourceVersion "1"]
[SourceVersionDate "2019.06.21"]
[SourceQuality "1"]

1. e4 c6 2. Nf3 d5 3. exd5 cxd5 4. d4 Nf6 5. Nc3 a6 6. Bf4 Bg4 7. h3 Bh5 8. g4
Bg6 9. Ne5 Ne4 10. Nxg6 Nxc3 11. bxc3 hxg6 12. c4 e6 13. c5 Nc6 14. c3 Be7 15.
Qd2 g5 16. Bg3 b5 17. Bg2 Qa5 18. O-O Rc8 19. f4 b4 20. cxb4 Qxb4 21. Qxb4 Nxb4
22. Rf3 Nc2 23. Rd1 Bf6 24. Rfd3 gxf4 25. Bxf4 O-O 26. a3 g5 27. Be5 Be7 28.
Rc3 f6 29. Bg3 Nxd4 30. Rxd4 Bxc5 31. Rxc5 Rxc5 32. Rd1 Rc3 33. Bd6 Rfc8 34.
Bb4 Rc2 35. Bf1 Rc1 36. Rxc1 Rxc1 37. Kf2 Rc6 38. Ke3 e5 39. Kd3 Kg7 40. Be2
e4+ 41. Kd4 Rc2 42. Bxa6 Rh2 43. a4 Rxh3 44. Bb5 e3 45. Be2 Rh2 46. Kxe3 Rh3+
47. Bf3 f5 48. Ke2 Rh2+ 49. Kd1 fxg4 50. Bc3+ Kg6 51. Bxd5 g3 52. Be5 Rh3 53.
Be6 g2 54. Bd4 Rh1+ 55. Kc2 g1=Q 56. Bxg1 Rxg1 57. Kb3 Kf6 58. Bc8 Rg3+ 59. Kb4
Ke7 60. a5 Rf3 61. a6 Rf8 62. Bb7 Rb8 63. Ka5 g4 64. Kb6 g3 65. Ka7 Rxb7+ 66.
axb7 g2 67. b8=Q g1=Q+ 68. Ka8 Qg2+ 69. Qb7+ Qxb7+ 70. Kxb7 1/2-1/2